000 00497nam a2200181Ia 4500
005 20250508163647.0
008 008 250505s9999 xx 000 0 hin d
037 _aTextual
040 _aFEDL
_beng
_cFEDL
041 _ahin
_2hin
084 _a302, VER
_qFEDL
100 _aRampal Singh
245 0 _aAdhigam evam vikas ke manov - samajik aadhar
260 _aAgra, India
_bVinod Pustak Mandir
_c1993
300 _a345p
942 _cTEXL
_h302, VER
999 _c1384563
_d1384563